Logo des marques de sport - Statistiques

Statistiques générales
  • Ce quiz a été pris 330 fois
  • Le résultat moyen est 11 sur 16
Statistiques - réponses
Par images Réponse % Correct
Adidas
100%
Nike
100%
Puma
99%
New Balance
98%
Asics
94%
Jordan
91%
Le Coq Sportif
82%
Kappa
78%
Umbro
72%
Under Armour
71%
Reebok
64%
Salomon
38%
Joma
33%
Hummel
30%
Uhlsport
19%
Brooks
8%
Aucun quiz correspondant
Distribution des résultats
% des personnes avec chaque résultat
Percentile par nombre de réponses
Votre historique - résultats
Vous n’avez pas pris ce quiz